[Event "Bayern-chI Bank Hofmann 7th"]
[Site "Bad Wiessee"]
[Date "2003.11.16"]
[Round "9"]
[White "Bischoff, Klaus"]
[Black "Doettling, Fabian"]
[Result "1/2-1/2"]
[WhiteElo "2564"]
[BlackElo "2519"]
[EventDate "2003.11.08"]

1. c4 e6 2. Nc3 d5 3. d4 Be7 4. cxd5 exd5 5. Bf4 c6 6. e3 Bf5 7. Nge2 Nd7 
8. h3 Qb6 9. g4 Be6 10. Bg2 g5 11. Bh2 h5 12. gxh5 Ngf6 13. Qc2 Nxh5 14. 
O-O-O Ndf6 15. Be5 O-O-O 16. e4 Rhf8 17. exd5 Nxd5 18. Nxd5 Bxd5 19. Bxd5 
Rxd5 20. Nc3 Rd7 21. d5 Rfd8 22. Kb1 f6 23. Bd4 Qa6 24. Be3 1/2-1/2

[Event "Bermuda-A"]
[Site "Bermuda"]
[Date "2003.01.26"]
[Round "2"]
[White "Shabalov, Alexander"]
[Black "Vescovi, Giovanni P"]
[Result "0-1"]
[WhiteElo "2613"]
[BlackElo "2592"]
[EventDate "2003.01.25"]

1. d4 Nf6 2. c4 e6 3. Nf3 d5 4. Nc3 Be7 5. Qc2 O-O 6. cxd5 exd5 7. Bg5 c6 
8. e3 Nbd7 9. Bd3 Re8 10. h3 Nf8 11. Bf4 Bd6 12. Bxd6 Qxd6 13. O-O-O Be6 
14. Kb1 Rac8 15. Rc1 b6 16. g4 N6d7 17. Ng5 h6 18. Nxe6 Nxe6 19. h4 c5 20.
 Ba6 Rcd8 21. Rcd1 cxd4 22. exd4 Ndf8 23. Rh3 Nc7 24. Bd3 Nfe6 25. g5 hxg5
26. hxg5 Nxg5 27. Rh5 Qf6 28. f4 Qxf4 29. Rdh1 Kf8 30. Qg2 Nge6 31. Rf1 
Qe3 32. Bg6 Nf4 33. Rh8+ Ke7 34. Qg5+ Kd6 35. Rxf4 Rxh8 36. Bc2 Rh1+ 37. 
Nd1 Ne6 0-1

[Event "Bogny sur Meuse"]
[Site "Bogny sur Meuse"]
[Date "2003.06.27"]
[Round "3"]
[White "Barsov, Alexei"]
[Black "Kveinys, Aloyzas"]
[Result "1/2-1/2"]
[WhiteElo "2531"]
[BlackElo "2539"]
[EventDate "2003.06.25"]

1. d4 Nf6 2. Nf3 d5 3. c4 e6 4. Nc3 Nbd7 5. cxd5 exd5 6. Bg5 Be7 7. e3 Nf8
8. Bd3 Ne6 9. Bh4 c6 10. O-O g6 11. h3 Ng7 12. Bg5 Ne6 13. Bh4 Ng7 14. Bg5
Ne6 1/2-1/2

[Event "Bratto op 23rd"]
[Site "Bratto"]
[Date "2003.08.29"]
[Round "9"]
[White "Epishin, Vladimir"]
[Black "Milov, Vadim"]
[Result "1/2-1/2"]
[WhiteElo "2642"]
[BlackElo "2595"]
[EventDate "2003.08.21"]

1. d4 Nf6 2. c4 e6 3. Nf3 d5 4. Nc3 Bb4 5. Bg5 Nbd7 6. cxd5 exd5 7. Rc1 c6
8. Qc2 O-O 9. e3 Qa5 10. a3 Bxc3+ 11. Qxc3 Qxc3+ 12. bxc3 Ne4 13. c4 dxc4 
14. Bxc4 Nb6 15. Bd3 Re8 16. Bxe4 Rxe4 17. Nd2 Re8 18. O-O f6 1/2-1/2

[Event "EU-ch Internet fin"]
[Site "playchess.com INT"]
[Date "2003.11.09"]
[Round "2.3"]
[White "Bacrot, Etienne"]
[Black "Rabiega, Robert"]
[Result "1-0"]
[WhiteElo "2645"]
[BlackElo "2521"]
[EventDate "2003.11.09"]

1. c4 e6 2. d4 d5 3. Nc3 Nf6 4. cxd5 exd5 5. Bg5 c6 6. e3 Be7 7. Bd3 O-O 
8. Nf3 Nbd7 9. O-O Re8 10. Qc2 Nf8 11. h3 Be6 12. Rab1 Rc8 13. b4 N6d7 14.
 Bf4 Nb6 15. Rfd1 Ng6 16. Bg3 Bd6 17. Bxd6 Qxd6 18. a4 a6 19. Qb2 Re7 20. 
Rbc1 Rce8 21. b5 cxb5 22. axb5 a5 23. Ra1 Ra8 24. Qa3 Qxa3 25. Rxa3 Rc7 
26. Rda1 Rac8 27. Ne2 a4 28. Kf1 Ne7 29. g4 h5 30. Nh2 hxg4 31. hxg4 f6 
32. f3 Bf7 33. f4 Be8 34. Kf2 Bd7 35. f5 Kf7 36. Nf3 g6 37. fxg6+ Nxg6 38.
 g5 Bg4 39. gxf6 Bxf3 40. Kxf3 Kxf6 41. Rg1 Rg7 42. Kf2 Rh8 43. Rf1 Ke7 
44. Rg1 Kf6 45. Rg2 Rh1 46. Ng3 Rh3 47. Ne2 Nh4 48. Rxg7 Kxg7 49. Nf4 Rf3+
50. Ke2 Rg3 51. Nh5+ 1-0

[Event "FRA-chT Gp-A"]
[Site "France"]
[Date "2003.04.04"]
[Round "5.1"]
[White "Istratescu, Andrei"]
[Black "Marcelin, Cyril"]
[Result "1/2-1/2"]
[WhiteElo "2593"]
[BlackElo "2503"]
[EventDate "2003.01.31"]

1. c4 e6 2. Nc3 d5 3. d4 c6 4. cxd5 exd5 5. Bf4 Bd6 6. Bg3 Ne7 7. e3 Nf5 
8. Bd3 g6 9. Nf3 Nxg3 10. hxg3 Nd7 11. Qc2 Nf6 12. O-O-O Be6 13. Kb1 Qe7 
14. Rc1 Kf8 15. Ng5 Kg7 16. Rce1 h6 17. Nxe6+ Qxe6 18. Ne2 Rae8 19. Nf4 
Qe7 20. a3 h5 21. Ka2 h4 22. gxh4 Bxf4 23. exf4 Qxe1 24. Rxe1 Rxe1 25. g3 
Rhe8 26. f5 Ne4 27. fxg6 fxg6 28. f3 Nd6 29. h5 gxh5 30. g4 hxg4 31. Qh2 
R1e3 32. Qxd6 gxf3 33. Qg6+ Kf8 34. Bf1 R3e6 35. Qf5+ Ke7 36. Qh7+ Kd8 37.
 Bh3 R8e7 38. Qf5 Kc7 39. Qxf3 Re3 40. Qf4+ Kb6 41. Qd6 a6 42. Bd7 R3e4 
43. Bf5 Re3 44. a4 Ka7 45. a5 Rf7 46. Bd7 Re2 47. Ka3 Rf3+ 48. b3 Ree3 49.
 Qb4 Kb8 50. Ka4 Rxb3 51. Qxb3 Rxb3 52. Kxb3 Kc7 53. Be8 b6 54. Kb4 Kb7 
55. Bf7 Kc7 56. Be8 Kb7 57. Bh5 Kc7 58. Bd1 Kb7 59. Bc2 Kc7 60. Bd3 bxa5+ 
61. Kxa5 c5 62. dxc5 Kc6 63. Kb4 a5+ 64. Kxa5 Kxc5 1/2-1/2

[Event "GER-ch g/5 Internet 1st"]
[Site "playchess.com INT"]
[Date "2003.02.22"]
[Round "12"]
[White "Dautov, Rustem"]
[Black "Graf, Alexander"]
[Result "1-0"]
[WhiteElo "2604"]
[BlackElo "2630"]
[EventDate "2003.02.22"]

1. d4 Nf6 2. c4 e6 3. Nf3 d5 4. Nc3 Nbd7 5. cxd5 exd5 6. Bg5 Be7 7. e3 O-O
8. Qc2 Re8 9. Bd3 Nf8 10. O-O c6 11. h3 Be6 12. a3 N6d7 13. Bf4 Nb6 14. 
Ne5 f6 15. Nf3 Bf7 16. Nd2 Bg6 17. b4 Qd7 18. Rab1 a6 19. a4 Rac8 20. Bg3 
Bxd3 21. Qxd3 Ne6 22. Rfc1 Bf8 23. b5 axb5 24. axb5 c5 25. dxc5 Rxc5 26. 
Nb3 Rcc8 27. Nd4 Nxd4 28. Qxd4 Bc5 29. Qd3 d4 30. Ne4 Bf8 31. exd4 Qd5 32.
 Nc3 Qc4 33. Qxc4+ Rxc4 34. Ra1 Bb4 35. Na2 Bd2 36. Rxc4 Nxc4 37. d5 Ra8 
38. d6 Kf7 39. Kf1 Ke6 40. f3 Kd7 41. Be1 Ne3+ 42. Ke2 Nc2 43. Bxd2 Nxa1 
44. Nc3 Kxd6 45. Kd3 Nb3 46. Be3 Nc5+ 47. Kc4 Rc8 48. Bf4+ Kd7 49. Kd5 Ne6
50. Bd2 Rc5+ 51. Ke4 Nc7 52. b6 Ne6 53. Kd3 Ra5 54. Be3 Ra1 55. Kc4 Kc6 
56. Ne4 Ra4+ 57. Kb3 Ra5 58. Kb4 Re5 59. Bf2 f5 60. Nc3 g5 61. Kc4 Nf4 62.
 Bg3 Kxb6 63. Bxf4 gxf4 64. Nd5+ Kc6 65. Nxf4 b5+ 66. Kd4 Re8 67. Nd3 Rd8+
68. Kc3 Kd5 69. Nf4+ Ke5 70. g3 1-0

[Event "GER-ch g/5 Internet 1st"]
[Site "playchess.com INT"]
[Date "2003.02.22"]
[Round "15"]
[White "Gustafsson, Jan"]
[Black "Bischoff, Klaus"]
[Result "1-0"]
[WhiteElo "2566"]
[BlackElo "2564"]
[EventDate "2003.02.22"]

1. d4 Nf6 2. c4 e6 3. Nc3 d5 4. Nf3 Nbd7 5. cxd5 exd5 6. Bg5 c6 7. Qc2 Be7
8. e3 Nf8 9. Bd3 Ne6 10. h4 h6 11. Bxf6 Bxf6 12. O-O-O g6 13. h5 g5 14. 
Ne2 Ng7 15. Ng3 Be6 16. Ne5 Qc7 17. f4 O-O-O 18. Rdf1 Kb8 19. Kb1 gxf4 20.
 exf4 Bc8 21. Re1 Ne6 22. Qf2 c5 23. dxc5 Nxc5 24. Bc2 Rhg8 25. Ne2 Qb6 
26. Rd1 Rge8 27. Nc3 Bxe5 28. fxe5 Rxe5 29. Qf4 Qd6 30. Nb5 Qe6 31. Nd4 
Qd6 32. Nb5 Qe6 33. Rhe1 f6 34. Nd4 Qd6 35. Qxh6 a6 36. Rxe5 Qxe5 37. Nf3 
Qd6 38. Qg7 Qb6 39. h6 Ne4 40. Ka1 Qf2 41. Bb1 Qg3 42. Bxe4 1-0

[Event "GER-ch g/5 Internet 1st"]
[Site "playchess.com INT"]
[Date "2003.02.22"]
[Round "17"]
[White "Gustafsson, Jan"]
[Black "Rabiega, Robert"]
[Result "1/2-1/2"]
[WhiteElo "2566"]
[BlackElo "2503"]
[EventDate "2003.02.22"]

1. d4 d5 2. c4 e6 3. Nf3 Nf6 4. Nc3 Nbd7 5. cxd5 exd5 6. Bg5 c6 7. Qc2 Be7
8. e3 O-O 9. Bd3 Re8 10. O-O Nf8 11. h3 Be6 12. a3 Rc8 1/2-1/2

[Event "Geneve op"]
[Site "Geneve"]
[Date "2003.04.26"]
[Round "5.1"]
[White "Milov, Vadim"]
[Black "Burmakin, Vladimir"]
[Result "1/2-1/2"]
[WhiteElo "2574"]
[BlackElo "2569"]
[EventDate "2003.04.24"]

1. d4 d5 2. c4 e6 3. Nc3 Be7 4. cxd5 exd5 5. Bf4 c6 6. e3 Bd6 7. Bg3 Ne7 
8. Nf3 Nf5 9. Bd3 Nxg3 10. hxg3 Nd7 11. Qc2 Nf6 12. O-O-O h6 13. Kb1 Bd7 
14. e4 dxe4 15. Nxe4 Nxe4 16. Bxe4 Qc7 17. Ne5 Bxe5 18. dxe5 O-O-O 19. f4 
Be6 20. f5 Bd7 21. Qc5 Rhe8 22. Rd6 Qb6 23. Qc3 Kb8 24. Rhd1 Bc8 25. a4 
Rxd6 26. Rxd6 Qc7 27. f6 gxf6 28. Rxf6 Qxe5 29. Qxe5+ Rxe5 30. Bf3 Bf5+ 
31. Ka2 Be6+ 32. Kb1 h5 33. Kc2 Rg5 34. Rh6 Bf5+ 35. Kd2 Bg6 36. Ke3 a5 
37. Rh8+ Kc7 38. Re8 Rc5 39. Re7+ Kb8 40. Kd4 Rc2 41. b3 Rd2+ 42. Kc3 Rd8 
43. Re5 b6 44. Re7 Rd6 45. b4 axb4+ 46. Kxb4 c5+ 47. Kc3 Kc8 48. a5 bxa5 
49. Ra7 a4 50. Kc4 Kd8 51. Kxc5 Rd7 52. Rxa4 Ke7 53. Kc4 Kf6 54. Ra5 Rd2 
55. Rd5 Rxd5 1/2-1/2

[Event "Imperia op 45th"]
[Site "Imperia"]
[Date "2003.09.06"]
[Round "8"]
[White "Maksimenko, Andrei"]
[Black "Miladinovic, Igor"]
[Result "1/2-1/2"]
[WhiteElo "2512"]
[BlackElo "2609"]
[EventDate "2003.08.31"]

1. d4 d5 2. c4 e6 3. Nc3 Nf6 4. cxd5 exd5 5. Bg5 Be7 6. e3 c6 7. Qc2 Nbd7 
8. Bd3 O-O 9. Nge2 Re8 10. O-O Nf8 1/2-1/2

[Event "Mario Covas 3rd"]
[Site "Santos"]
[Date "2003.04.29"]
[Round "9"]
[White "Leitao, Rafael"]
[Black "Milos, Gilberto"]
[Result "1/2-1/2"]
[WhiteElo "2533"]
[BlackElo "2586"]
[EventDate "2003.04.22"]

1. d4 Nf6 2. c4 e6 3. Nc3 d5 4. cxd5 exd5 5. Bg5 Be7 6. e3 O-O 7. Bd3 c6 
8. Qc2 Nbd7 9. Nf3 Re8 10. O-O Nf8 11. h3 Be6 12. Rab1 a5 13. Ne5 N6d7 14.
 Bxe7 Qxe7 15. f4 f6 16. Nf3 Qd6 17. Qf2 Re7 1/2-1/2

[Event "Metz op 21st"]
[Site "Metz"]
[Date "2003.04.23"]
[Round "5"]
[White "Agrest, Evgenij"]
[Black "Gurevich, Mikhail"]
[Result "1/2-1/2"]
[WhiteElo "2591"]
[BlackElo "2635"]
[EventDate "2003.04.19"]

1. Nf3 d5 2. d4 Nf6 3. c4 c6 4. Nc3 e6 5. Bg5 Nbd7 6. cxd5 exd5 7. e3 Be7 
8. Qc2 O-O 9. Bd3 Re8 10. O-O Nf8 11. Rae1 Be6 12. Nd2 Ng4 13. Bxe7 Rxe7 
14. h3 Nf6 15. f4 Rc8 16. Nf3 c5 17. Ne5 Bd7 18. Qf2 Qb6 19. Rc1 Qd6 20. 
Rfd1 c4 21. Bb1 b5 22. g4 Bc6 23. Qg2 Rd8 24. g5 Ne8 25. Ne2 f6 26. gxf6 
Nxf6 27. Ng3 Bd7 28. Kh1 Bc8 29. Rg1 Ne8 30. Bf5 Qc7 31. Kh2 Be6 32. Qc2 
Qc8 33. Rg2 Nd6 34. Bxe6+ Nxe6 35. Rcg1 Rf8 36. Qe2 Nf5 37. Nxf5 Rxf5 38. 
Qg4 Qf8 39. Qf3 Qc8 40. Qg3 Qe8 41. Qf3 Qa8 42. a4 a6 43. Qg4 Qf8 44. axb5
axb5 45. Ra1 Nc7 46. Ra7 g6 47. Rb7 Rg7 48. Rb6 Qe8 49. Rd6 Rf8 50. Rd7 
Rf6 51. Qg5 Rf8 52. Rxg7+ Kxg7 53. f5 Rf6 54. fxg6 Ne6 55. Qh4 hxg6 56. 
Ng4 Rf5 57. Qh6+ Kg8 58. Ne5 g5 59. Ng6 Kf7 60. Qh7+ Kf6 61. Ne5 Nf8 62. 
Qh8+ Ke7 63. Qh6 Nd7 64. Nc6+ Kf7 65. h4 Qxe3 66. Nd8+ Ke7 67. Qh7+ Kxd8 
68. Qxf5 gxh4 69. Qxd5 Qf4+ 70. Kh3 Kc7 71. Qxb5 Qf3+ 72. Kh2 Qf4+ 73. Kh3
1/2-1/2

[Event "Nordic-ch"]
[Site "Aarhus"]
[Date "2003.09.10"]
[Round "5"]
[White "Agrest, Evgenij"]
[Black "Hansen, Curt"]
[Result "1/2-1/2"]
[WhiteElo "2605"]
[BlackElo "2618"]
[EventDate "2003.09.06"]

1. d4 Nf6 2. c4 e6 3. Nc3 d5 4. cxd5 exd5 5. Bg5 c6 6. Qc2 Be7 7. e3 Nbd7 
8. Nf3 O-O 9. Bd3 Re8 10. O-O Nf8 11. Rae1 Ne4 12. Bxe7 Qxe7 13. Bxe4 dxe4
14. Nd2 f5 15. f3 exf3 16. Nxf3 Be6 17. e4 fxe4 18. Rxe4 Rad8 19. Rfe1 h6 
20. h3 Qd6 21. R4e3 Qd7 22. Qa4 a6 23. Qb4 Ng6 24. Ne4 Bd5 25. Nc5 Qf7 26.
 Qxb7 Rxe3 27. Qxf7+ Bxf7 28. Rxe3 Bxa2 29. Nxa6 Bd5 30. Nb4 Bxf3 31. Rxf3
Ne7 32. Rc3 Rxd4 33. Nxc6 Nxc6 34. Rxc6 Rb4 35. Rc2 Rb3 36. Rf2 g5 37. Kf1
Re3 38. Rf3 Re4 39. b3 g4 40. hxg4 Rxg4 41. Kf2 Kh7 42. g3 Re4 43. Rf4 Re5
44. b4 Kg6 45. Rc4 h5 46. Kf3 Rg5 47. Rc6+ Kg7 48. Rc3 Kf6 49. Rb3 Rb5 50.
 Kf4 Ke6 51. Re3+ Kf6 52. Re4 Rf5+ 53. Ke3 Rg5 54. Kf3 Rb5 55. Rf4+ Kg6 
56. Ke2 Rd5 57. Rf3 h4 58. gxh4 Rd4 59. Rb3 Rxh4 60. b5 Kf6 61. Kd3 Ke6 
62. b6 Kd7 63. b7 Rh3+ 1/2-1/2

[Event "ROM-chT"]
[Site "Sovata"]
[Date "2003.04.30"]
[Round "1"]
[White "Atalik, Suat"]
[Black "Rogozenko, Dorian"]
[Result "1/2-1/2"]
[WhiteElo "2568"]
[BlackElo "2519"]
[EventDate "2003.04.30"]

1. Nf3 Nf6 2. c4 e6 3. Nc3 d5 4. d4 Be7 5. Bg5 O-O 6. Qc2 Nbd7 7. cxd5 
exd5 8. e3 c6 9. Bd3 Re8 10. O-O Nf8 11. h3 g6 12. Ne5 N6d7 13. Bxe7 Qxe7 
14. Nxd7 Bxd7 15. Rae1 Ne6 16. f3 Rad8 17. Qf2 Bc8 18. a3 a6 19. Re2 f5 
20. Bb1 Qf6 21. Rd2 Re7 22. Re1 Rde8 23. Ba2 Nc7 24. e4 fxe4 25. fxe4 
Qxf2+ 26. Kxf2 Kg7 27. Rde2 dxe4 28. Rxe4 Rxe4 29. Rxe4 Rxe4 30. Nxe4 Be6 
31. Bxe6 Nxe6 32. Ke3 Kf8 33. Nd6 b5 34. Nb7 Ke7 35. b4 Nc7 36. Ke4 Nd5 
37. g4 Nb6 38. g5 Ke6 39. Nc5+ Kd6 40. Nb7+ Ke6 41. Nc5+ Kd6 42. Nb7+ 
1/2-1/2

[Event "RUS-ch 56th"]
[Site "Krasnoyarsk"]
[Date "2003.09.09"]
[Round "6"]
[White "Klimov, Sergey"]
[Black "Rychagov, Andrey"]
[Result "1/2-1/2"]
[WhiteElo "2512"]
[BlackElo "2554"]
[EventDate "2003.09.03"]

1. d4 d5 2. c4 e6 3. Nc3 Nf6 4. cxd5 exd5 5. Bg5 Be7 6. e3 O-O 7. Bd3 Nbd7
8. Nge2 Re8 9. Qc2 Nf8 10. O-O c6 11. Rae1 Nh5 12. Bxe7 Qxe7 13. Nc1 Be6 
14. f3 Nf6 15. Qf2 Rad8 16. Bb1 b6 17. Nd3 Bc8 18. Ne5 Qd6 19. Bd3 Bb7 20.
 g4 c5 21. g5 N6d7 22. f4 f6 23. gxf6 Nxf6 24. Qh4 a6 25. Re2 Qe7 26. Rg2 
cxd4 27. Ne2 N6d7 28. Qxe7 Rxe7 29. exd4 Rc8 30. Ng3 Nf6 31. Nf5 Rec7 32. 
Nh6+ 1/2-1/2

[Event "RUS-ch 56th"]
[Site "Krasnoyarsk"]
[Date "2003.09.10"]
[Round "7"]
[White "Volkov, Sergey"]
[Black "Belozerov, Andrei"]
[Result "1-0"]
[WhiteElo "2620"]
[BlackElo "2541"]
[EventDate "2003.09.03"]

1. d4 d5 2. c4 e6 3. Nc3 Be7 4. cxd5 exd5 5. Bf4 Nf6 6. e3 O-O 7. Nf3 c6 
8. Qc2 Nbd7 9. Bd3 Re8 10. h3 Nf8 11. O-O Nh5 12. Be5 g6 13. Rab1 Ng7 14. 
b4 a6 15. Na4 Bf5 16. Rfc1 f6 17. Bh2 Bd6 18. Nc5 Bxh2+ 19. Nxh2 Qe7 20. 
a4 Rec8 21. Nf1 b6 22. Nb3 Bxd3 23. Qxd3 Nf5 24. a5 b5 25. Qc3 Nd6 26. Rc2
Nd7 27. Rbc1 Nc4 28. Re1 Re8 29. Rce2 Qd6 30. Nc1 Re7 31. Nd3 Rae8 32. Nd2
Qc7 33. Nb3 Kf7 34. Nbc5 Nxc5 35. Nxc5 Qc8 36. f3 f5 37. e4 Nd6 38. e5 Nc4
39. Qc1 Kg7 40. h4 h6 41. Kf2 Ra7 42. Qf4 Qd8 43. Rh1 Qe7 44. h5 Qg5 45. 
Rh4 gxh5 46. Re1 Kg6 47. Reh1 Qxf4 48. Rxf4 Kg5 49. g3 Kg6 50. Rfh4 Rh8 
51. Rxh5 Na3 52. R5h4 h5 53. Rc1 Nc4 54. Ke2 Rh6 55. Rch1 Rh8 56. R1h2 Na3
57. Ke3 Nc4+ 58. Kd3 Na3 59. Ne6 Rah7 60. g4 fxg4 61. fxg4 Rf7 62. gxh5+ 
Kh6 63. Rg4 Rf3+ 64. Ke2 Rf5 65. Rg6+ 1-0

[Event "RUS-ch 56th"]
[Site "Krasnoyarsk"]
[Date "2003.09.12"]
[Round "9"]
[White "Shipov, Sergei"]
[Black "Kiriakov, Petr"]
[Result "1/2-1/2"]
[WhiteElo "2589"]
[BlackElo "2553"]
[EventDate "2003.09.03"]

1. d4 Nf6 2. c4 e6 3. Nc3 d5 4. cxd5 exd5 5. Bg5 c6 6. Qc2 Be7 7. e3 Nbd7 
8. Bd3 O-O 9. Nf3 Re8 10. h3 g6 11. O-O Nh5 12. Bxe7 Qxe7 13. Rab1 Nb6 14.
 Rfe1 Ng7 15. b4 a6 16. a4 Bf5 17. Ne5 Rad8 18. Qb3 f6 19. e4 Be6 20. exd5
Nxd5 21. Ng4 Nf4 22. Bc4 h5 23. Nh2 Rxd4 24. Bxe6+ Ngxe6 25. Nf3 Rd3 26. 
Re3 Qd6 27. Qb2 f5 28. Rxd3 Qxd3 29. Kh2 Qd6 30. g3 Nd5 31. Qd2 Rd8 32. 
Re1 Nxc3 33. Qxc3 Nd4 34. Ng5 b5 35. axb5 axb5 36. h4 f4 37. Qd3 fxg3+ 38.
 fxg3 Qf6 39. Rf1 Nf5 40. Qb3+ Rd5 41. Re1 Kg7 1/2-1/2

[Event "RUS-chT"]
[Site "Togliatti"]
[Date "2003.05.17"]
[Round "2"]
[White "Malakhov, Vladimir"]
[Black "Lunev, Andrey"]
[Result "1-0"]
[WhiteElo "2672"]
[BlackElo "2509"]
[EventDate "2003.05.16"]

1. c4 e6 2. Nc3 d5 3. d4 Nf6 4. cxd5 exd5 5. Bg5 c6 6. e3 Be7 7. Qc2 O-O 
8. Bd3 Nbd7 9. Nf3 Re8 10. h3 Ne4 11. Bxe4 dxe4 12. Nxe4 Qa5+ 13. Kf1 Bxg5
14. Nexg5 Nf8 15. Qb3 Qf5 16. h4 h6 17. Nh3 Be6 18. Qc3 Bxa2 19. b3 Qb5+ 
20. Kg1 Qxb3 21. Qa5 Bb1 22. Nd2 Qd1+ 23. Kh2 Qg4 24. Rhxb1 b6 25. Qc3 
Rec8 26. g3 c5 27. dxc5 Rxc5 28. Qd4 Qc8 29. Nf4 Qc6 30. Qe4 1-0

[Event "Reykjavik Hrokurinn"]
[Site "Reykjavik"]
[Date "2003.02.21"]
[Round "4"]
[White "Sokolov, Ivan"]
[Black "McShane, Luke J"]
[Result "1-0"]
[WhiteElo "2688"]
[BlackElo "2568"]
[EventDate "2003.02.18"]

1. d4 Nf6 2. c4 e6 3. Nc3 d5 4. cxd5 exd5 5. Bg5 Be7 6. e3 O-O 7. Bd3 Nbd7
8. Nf3 Re8 9. Qc2 Nf8 10. O-O c6 11. h3 g6 12. Bh6 Ne6 13. Ne5 Ng7 14. g4 
Nd7 15. f4 Bf8 16. Qf2 Nxe5 17. fxe5 Be6 18. Ne2 Be7 19. Nf4 Bh4 20. Qf3 
Rf8 21. Kh2 Qe7 22. Ng2 Bg5 23. Bxg5 Qxg5 24. Rf2 f5 25. exf6 Ne8 26. Raf1
Nxf6 27. Qg3 Rae8 28. Rxf6 Rxf6 29. h4 Rxf1 30. hxg5 Rd1 31. Nf4 Bf7 32. 
Qf3 Rd2+ 33. Kh3 Rf8 34. b4 Rxa2 35. b5 a5 36. bxa6 bxa6 37. e4 dxe4 38. 
Bxe4 Ra4 39. d5 Re8 40. Nh5 gxh5 41. Bxh7+ Kf8 42. gxh5 Re7 43. g6 Rb7 44.
 h6 Rab4 45. g7+ Ke8 46. Bg6 1-0

[Event "SLO-chT"]
[Site "Celje"]
[Date "2003.11.21"]
[Round "7"]
[White "Hulak, Krunoslav"]
[Black "Pavasovic, Dusko"]
[Result "1/2-1/2"]
[WhiteElo "2557"]
[BlackElo "2586"]
[EventDate "2003.11.17"]

1. c4 e6 2. Nf3 d5 3. d4 c6 4. cxd5 exd5 5. Nc3 Bd6 6. Bg5 Ne7 7. e3 Bf5 
8. Bd3 Bxd3 9. Qxd3 Nd7 10. O-O f6 11. Bh4 Ng6 12. Bg3 Bxg3 13. hxg3 
1/2-1/2

[Event "SUI-chT"]
[Site "Switzerland"]
[Date "2003.10.04"]
[Round "8"]
[White "Pelletier, Yannick"]
[Black "Gabriel, Christian"]
[Result "1-0"]
[WhiteElo "2604"]
[BlackElo "2560"]
[EventDate "2003.03.23"]

1. d4 Nf6 2. c4 e6 3. Nc3 d5 4. cxd5 exd5 5. Bg5 Be7 6. e3 O-O 7. Bd3 Nbd7
8. Nf3 Re8 9. O-O Nf8 10. Qc2 c6 11. h3 g6 12. Rab1 a5 13. a3 Ne6 14. Bh4 
Ng7 15. b4 axb4 16. axb4 Bf5 17. Bxf5 Nxf5 18. Bxf6 Bxf6 19. b5 Qa5 20. 
bxc6 bxc6 21. Rfc1 Rec8 22. Rb2 Nd6 23. Nd2 Be7 24. Ra2 Qd8 25. Rxa8 Rxa8 
26. Ne2 Ra6 27. Nf4 Qa8 28. Nd3 Nb7 29. Nf3 Bd6 30. Nfe5 Nd8 31. h4 Kg7 
32. h5 Ra2 33. Qd1 Bxe5 34. Nxe5 Qa3 35. Rb1 Qa7 36. Qf3 Ra1 37. Rxa1 
Qxa1+ 38. Kh2 Qa7 39. h6+ Kxh6 40. Qf6 Qc7 1-0

[Event "Schwarzach op-A 18th"]
[Site "Salzburg"]
[Date "2003.08.27"]
[Round "5.1"]
[White "Shchekachev, Andrei"]
[Black "Hertneck, Gerald"]
[Result "1/2-1/2"]
[WhiteElo "2550"]
[BlackElo "2524"]
[EventDate "2003.08.23"]

1. Nf3 d5 2. d4 Nf6 3. c4 e6 4. Nc3 c6 5. Bg5 Nbd7 6. cxd5 exd5 7. e3 Be7 
8. Qc2 Nh5 9. Bxe7 Qxe7 10. O-O-O Nb6 11. h3 Be6 12. Ne5 Nf6 13. Bd3 Nfd7 
14. Nxd7 Bxd7 15. Kb1 O-O-O 16. Ka1 Kb8 17. Rc1 Rhe8 1/2-1/2

[Event "Solin 11th"]
[Site "Solin/Spilt"]
[Date "2003.12.12"]
[Round "1"]
[White "Dizdarevic, Emir"]
[Black "Kurajica, Bojan"]
[Result "1/2-1/2"]
[WhiteElo "2507"]
[BlackElo "2557"]
[EventDate "2003.12.12"]

1. d4 d5 2. c4 e6 3. Nf3 Nf6 4. Nc3 Be7 5. cxd5 exd5 6. Bg5 O-O 7. e3 c6 
8. Bd3 h6 9. Bxf6 Bxf6 10. O-O Nd7 11. Qc2 Be7 12. Rfe1 Nf6 1/2-1/2

[Event "Valle d'Aosta op 11th"]
[Site "Saint Vincent"]
[Date "2003.02.13"]
[Round "6"]
[White "Volkov, Sergey"]
[Black "Miladinovic, Igor"]
[Result "1-0"]
[WhiteElo "2624"]
[BlackElo "2526"]
[EventDate "2003.02.08"]

1. d4 d5 2. c4 e6 3. Nc3 Nf6 4. cxd5 exd5 5. Bg5 Be7 6. e3 c6 7. Qc2 Nbd7 
8. Nf3 O-O 9. Bd3 Re8 10. O-O Nf8 11. h3 Ne4 12. Bf4 Nxc3 13. bxc3 Ng6 14.
 Rab1 Bd6 15. Bxd6 Qxd6 16. a4 Qf6 17. Kh2 Qd6+ 18. Kh1 Qf6 19. Ng1 Re7 
20. a5 c5 21. Rb5 c4 22. Bxg6 hxg6 23. Rxd5 b6 24. Rd8+ Kh7 25. Qa4 Bxh3 
26. Rxa8 Bd7 27. Qa3 Qh4+ 28. Nh3 Bxh3 29. Qd6 Qe4 30. f3 Qd3 31. Rg1 Rxe3
32. Qg3 g5 33. Qxh3+ Kg6 34. Rxa7 Qxc3 35. axb6 Qxd4 36. Ra5 Re8 37. b7 
1-0

[Event "ACP Blitz Prelim1"]
[Site "playchess.com INT"]
[Date "2004.04.12"]
[Round "2"]
[White "Volkov, Sergey"]
[Black "Iordachescu, Viorel"]
[Result "1-0"]
[WhiteElo "2629"]
[BlackElo "2627"]
[EventDate "2004.04.12"]

1. d4 Nf6 2. c4 e6 3. Nc3 d5 4. cxd5 exd5 5. Bg5 Be7 6. e3 O-O 7. Bd3 Nbd7
8. Nf3 Re8 9. O-O Nf8 10. Qc2 c6 11. h3 Be6 12. Ne5 N6d7 13. Bf4 Nxe5 14. 
Bxe5 Bd6 15. Bxd6 Qxd6 16. Rab1 g6 17. b4 Rac8 18. Rfc1 Nd7 19. a4 Nf6 20.
 a5 h5 21. Bxg6 Kh8 22. Bf5 Rg8 23. Kh1 Rg5 24. Bxe6 Qxe6 25. Ne2 Ne4 26. 
Nf4 Qf6 27. b5 Rcg8 28. Rg1 Qf5 29. Kh2 Qf6 30. a6 Rf5 31. axb7 h4 32. 
bxc6 Rxf4 33. exf4 Qxf4+ 34. Kh1 1-0

[Event "ACP Blitz Prelim2"]
[Site "playchess.com INT"]
[Date "2004.04.13"]
[Round "10"]
[White "Bareev, Evgeny"]
[Black "Godena, Michele"]
[Result "1-0"]
[WhiteElo "2711"]
[BlackElo "2533"]
[EventDate "2004.04.13"]

1. c4 e6 2. Nc3 d5 3. d4 Nf6 4. cxd5 exd5 5. Bg5 c6 6. e3 Nbd7 7. Bd3 Be7 
8. Qc2 Nb6 9. Nge2 Nh5 10. Bxe7 Qxe7 11. O-O g6 12. Rab1 Ng7 13. b4 a6 14.
 a4 O-O 15. b5 axb5 16. axb5 c5 17. dxc5 Qxc5 18. Nd4 Ne6 19. Nxe6 Bxe6 
20. Qb2 Rfc8 21. Ne2 Na4 22. Qf6 Nc3 23. Nxc3 Qxc3 24. Qxc3 Rxc3 25. Be2 
Kf8 26. Rfc1 Rxc1+ 27. Rxc1 Ke7 28. h4 Kd6 29. h5 Rc8 30. Rd1 Rc2 31. Bd3 
Rb2 32. h6 Bd7 33. Bc4 Be6 34. e4 d4 35. Bxe6 Kxe6 36. Rxd4 Rxb5 37. g4 
Kf6 38. f4 g5 39. f5 Rb2 40. Rd8 Re2 41. Re8 b5 42. Kf1 Re3 43. Kf2 1-0

[Event "ACP Blitz Prelim2 3rd"]
[Site "playchess.com INT"]
[Date "2004.06.01"]
[Round "10"]
[White "Avrukh, Boris"]
[Black "Fressinet, Laurent"]
[Result "0-1"]
[WhiteElo "2620"]
[BlackElo "2636"]
[EventDate "2004.06.01"]

1. d4 d5 2. c4 c6 3. Nf3 Nf6 4. Nc3 e6 5. Bg5 Nbd7 6. cxd5 exd5 7. e3 Be7 
8. Bd3 Ne4 9. Bf4 Ndf6 10. Ne5 Bf5 11. Qc2 g6 12. O-O O-O 13. f3 Nd6 14. 
Rae1 Re8 15. e4 Be6 16. Kh1 Bf8 17. Bg5 Be7 18. Bh6 Bf8 19. Bxf8 Rxf8 20. 
Qf2 Rc8 21. Bb1 Re8 22. Nd3 Nh5 23. e5 Nc4 24. g4 Ng7 25. h3 h5 26. Nc5 
Qe7 27. b3 Nb6 28. Ne2 hxg4 29. fxg4 Rc7 30. Nf4 Nd7 31. Ncd3 c5 32. dxc5 
Nxc5 33. Nxc5 Qxc5 34. Qxc5 Rxc5 35. Rc1 Rec8 36. Nd3 Rc3 37. Kg1 d4 38. 
Kf2 Ne8 39. Rcd1 Nc7 40. Nf4 Nd5 41. Nxe6 fxe6 42. Rxd4 Rf8+ 43. Kg1 Rxf1+
44. Kxf1 Rc1+ 45. Ke2 Rxb1 46. Rc4 Rb2+ 47. Kf3 Rxa2 48. Rc8+ Kf7 49. Rb8 
b6 50. Rb7+ Ne7 51. Kf4 Ra3 52. b4 Rb3 53. h4 Rxb4+ 54. Kg5 Re4 55. Rxa7 
Rxe5+ 56. Kh6 Re4 57. Kg5 b5 58. Rb7 b4 59. h5 gxh5 60. gxh5 Re5+ 61. Kg4 
Re4+ 62. Kg5 Re1 63. Rxb4 Rg1+ 64. Kf4 Rh1 65. Kg4 Rg1+ 66. Kh4 Nf5+ 67. 
Kh3 Kf6 68. Rb8 Rg5 69. Rh8 Kg7 70. Re8 Rxh5+ 71. Kg4 Rh6 72. Kg5 Rg6+ 73.
 Kh5 Rf6 74. Kg5 Kf7 75. Ra8 Rg6+ 76. Kf4 Ng7 77. Ke5 Rg5+ 78. Ke4 Rd5 79.
 Ra7+ Kf6 80. Ra8 Nf5 81. Rf8+ Ke7 82. Ra8 Nd6+ 83. Kf4 e5+ 84. Ke3 e4 85.
 Ra7+ Ke6 86. Ra8 Rd3+ 87. Ke2 Ke5 88. Rb8 Nf5 89. Re8+ Kf4 0-1